Experimental philosophy, rationalism, and naturalism : (Record no. 492722)
[ view plain ]
| 000 -LEADER | |
|---|---|
| fixed length control field | 01766nam a22002417a 4500 |
| 003 - CONTROL NUMBER IDENTIFIER | |
| control field | OSt |
| 005 - DATE AND TIME OF LATEST TRANSACTION | |
| control field | 20260512145812.0 |
| 008 - FIXED-LENGTH DATA ELEMENTS--GENERAL INFORMATION | |
| fixed length control field | 260512b |||||||| |||| 00| 0 eng d |
| 020 ## - INTERNATIONAL STANDARD BOOK NUMBER | |
| International Standard Book Number | 9781138887282 |
| 040 ## - CATALOGING SOURCE | |
| Original cataloging agency | Kenya National Library Service |
| 082 ## - DEWEY DECIMAL CLASSIFICATION NUMBER | |
| Classification number | 107.2 EXP |
| 245 ## - TITLE STATEMENT | |
| Title | Experimental philosophy, rationalism, and naturalism : |
| Remainder of title | rethinking philosophical method / |
| Statement of responsibility, etc. | edited by Eugen Fischer and John Collins. |
| 300 ## - PHYSICAL DESCRIPTION | |
| Extent | viii, 302 pages ; |
| Dimensions | 24 cm. |
| 504 ## - BIBLIOGRAPHY, ETC. NOTE | |
| Bibliography, etc. note | Includes bibliographical references and index. |
| 520 ## - SUMMARY, ETC. | |
| Summary, etc. | Experimental philosophy is one of the most exciting and controversial philosophical movements today. This book explores how it is reshaping thought about philosophical method. Experimental philosophy imports experimental methods and findings from psychology into philosophy. These fresh resources can be used to develop and defend both armchair methods and naturalist approaches, on an empirical basis. This outstanding collection brings together leading proponents of this new meta-philosophical naturalism, from within and beyond experimental philosophy. They explore how the empirical study of philosophically relevant intuition and cognition transforms traditional philosophical approaches and facilitates fresh ones. Part One examines important uses of traditional "armchair" methods which are not threatened by experimental work and develops empirically informed accounts of such methods that can potentially stand up to experimental scrutiny. |
| 650 ## - SUBJECT ADDED ENTRY--TOPICAL TERM | |
| Topical term or geographic name entry element | Speculative philosophy. |
| 650 ## - SUBJECT ADDED ENTRY--TOPICAL TERM | |
| Topical term or geographic name entry element | Education, research, related topics of philosophy. |
| 700 ## - ADDED ENTRY--PERSONAL NAME | |
| Personal name | Fischer, Eugen |
| Relator term | Editor |
| 700 ## - ADDED ENTRY--PERSONAL NAME | |
| Personal name | Collins, John |
| Relator term | Editor |
| 942 ## - ADDED ENTRY ELEMENTS (KOHA) | |
| Source of classification or shelving scheme | Dewey Decimal Classification |
| Koha item type | Books |
| Suppress in OPAC | No |
| Withdrawn status | Source of classification or shelving scheme | Damaged status | Not for loan | Home library | Current library | Date acquired | Source of acquisition | Cost, normal purchase price | Total checkouts | Full call number | Barcode | Date last seen | Price effective from | Koha item type |
|---|---|---|---|---|---|---|---|---|---|---|---|---|---|---|
| Dewey Decimal Classification | Nakuru Library | Acquisition, Cataloguing, Classification and Distribution Development | 05/12/2026 | BAI | 4199.00 | 107.2 EXP | B227402 | 05/12/2026 | 05/12/2026 | Books |
